00425nam a2200157Ia 4500008004100000082001000041100003900051245002700090260004500117300000800162365000900170520001700179630002700196650001700223730002700240100917s9999 xx 000 0 und d b28801 aशेट्ये वि. गो. aराम रहीम bवि. गो. शेट्येc1924 a100 b1.25 aनाटक aराम रहीम aनाटक aराम रहीम